Yes Albums Tile Select - Statistics

General Stats
  • This quiz has been taken 24 times
  • The average score is 34 of 42
Answer Stats
Question Tile Select % Correct
the following songs that are on Fragile (1971). Roundabout Yes
100%
the following songs that are on Close to the Edge (1972). The Revealing Science of God (Dance of the Dawn) No
100%
the following songs that are on The Yes Album (1971). Yours Is No Disgrace Yes
100%
the following songs that are on Fragile (1971). A Venture No
95%
the following songs that are on Close to the Edge (1972). Five per Cent for Nothing No
95%
the following songs that are on Fragile (1971). I've Seen All Good People No
95%
the following songs that are on 90125 (1983). Owner of a Lonely Heart Yes
95%
the following songs that are on Close to the Edge (1972). And You and I Yes
89%
the following songs that are on 90125 (1983). Changes Yes
89%
the following songs that are on Tormato (1978). Don't Kill the Whale Yes
89%
the following songs that are on Fragile (1971). Long Distance Runaround Yes
89%
the following songs that are on 90125 (1983). Shoot High Aim Low No
89%
the following songs that are on Close to the Edge (1972). Sound Chaser No
89%
the following songs that are on The Yes Album (1971). We Have Heaven No
89%
the following songs that are on Going for the One (1977). Awaken Yes
84%
the following songs that are on The Yes Album (1971). Heart of the Sunrise No
84%
the following songs that are on Close to the Edge (1972). Perpetual Change No
84%
the following songs that are on Tormato (1978). Ritual (Nous Sommes du Soleil) No
84%
the following songs that are on Close to the Edge (1972). Siberian Khatru Yes
84%
the following songs that are on Fragile (1971). South Side of the Sky Yes
84%
the following songs that are on Going for the One (1977). The Gates of Delirium No
84%
the following songs that are on The Yes Album (1971). Astral Traveller No
79%
the following songs that are on Tormato (1978). Hold On No
79%
the following songs that are on 90125 (1983). Love Will Find a Way No
79%
the following songs that are on Tormato (1978). Release, Release Yes
79%
the following songs that are on The Yes Album (1971). Starship Trooper Yes
79%
the following songs that are on Tormato (1978). The Ancient (Giants Under the Sun) No
79%
the following songs that are on Going for the One (1977). The Remembering (High the Memory) No
79%
the following songs that are on Going for the One (1977). Wonderous Stories Yes
79%
the following songs that are on The Yes Album (1971). Clap Yes
74%
the following songs that are on 90125 (1983). Leave It Yes
74%
the following songs that are on Fragile (1971). Mood for a Day Yes
74%
the following songs that are on Tormato (1978). On the Silent Wings of Freedom Yes
74%
the following songs that are on Tormato (1978). Parallels No
74%
the following songs that are on Tormato (1978). Arriving UFO Yes
68%
the following songs that are on 90125 (1983). It Can Happen Yes
68%
the following songs that are on Going for the One (1977). To Be Over No
68%
the following songs that are on Going for the One (1977). Turn of the Century Yes
68%
the following songs that are on 90125 (1983). Cinema Yes
63%
the following songs that are on Tormato (1978). Circus of Heaven Yes
63%
the following songs that are on 90125 (1983). Rhythm of Love No
63%
the following songs that are on 90125 (1983). Our Song Yes
53%
No matching quizzes found
Score Distribution
Percent of People with Each Score
Percentile by Number Answered
Your Score History
You have not taken this quiz